书目信息 |
| 题名: |
21世纪的中国农业与农村发展
|
|
| 作者: | 黄季琨 主编 | |
| 分册: | ||
| 出版信息: | 北京 中国农业出版社 2006.70 |
|
| 页数: | ||
| 开本: | 16开 | |
| 丛书名: | ||
| 单 册: | ||
| 中图分类: | F32-53 | |
| 科图分类: | ||
| 主题词: | 农业经济--中国 | |
| 电子资源: | ||
| ISBN: | 7-109-10935-6 | |
| 000 | 00563nam0 2200181 450 | |
| 001 | 0736196517 | |
| 005 | 20070924100316.51 | |
| 010 | @a7-109-10935-6@d¥40.00 | |
| 100 | @a20070924d km y0chiy0120 ea | |
| 101 | 0 | @achi |
| 200 | 1 | @a21世纪的中国农业与农村发展@A21 shi ji de zhong guo nong ye yu nong cun fa zhan@f黄季琨 主编@Fhuang ji kun zhu bian |
| 210 | @a北京@c中国农业出版社@d2006.70 | |
| 215 | @d16开 | |
| 606 | 0 | @a农业经济@x中国 |
| 690 | @aF32-53@v3 | |
| 701 | 0 | @a黄季琨@Ahuang ji kun@4主编 |
| 801 | 0 | @aCN@bPFT@c20070924 |
| 905 | @a213230@dF32-53@eZY28@f1 | |
| 21世纪的中国农业与农村发展/黄季琨 主编.-北京:中国农业出版社,2006.70 |
| 16开 |
| ISBN 7-109-10935-6:¥40.00 |
| ● |
| 相关链接 |
|
|
|
|
正题名:21世纪的中国农业与农村发展
索取号:F32-53/ZY28
 
预约/预借
| 序号 | 登录号 | 条形码 | 馆藏地/架位号 | 状态 | 备注 |
| 1 | 7902288 | 279022889 | 密集书库-资源管理系/ [索取号:F32-53/ZY28] | 在馆 |